00325nam a22001337a 4500003000400000005001700004008004100021040003500062082001600097100002100113245002900134260000900163300001900172OSt20260120101644.0260120b |||||||| |||| 00| 0 eng d bmalaycSSK libraryerdacontent a004.678/DEB aDebbie Anak Seta aIOT Monitong Food Heater c2024 aix, 44 pages :